| 000 | 00340nam a2200145Ia 4500 | ||
|---|---|---|---|
| 008 | 230917s9999||||xx |||||||||||||| ||und|| | ||
| 040 |
_e120347 _aMAIN |
||
| 041 | _aEnglish | ||
| 082 | _a823.7 E44S | ||
| 100 | _aEliot, George | ||
| 245 | 0 | _aSilas marner | |
| 260 |
_aNew Delhi _bPeacock Books _c2006 |
||
| 300 | _a199p. p. | ||
| 942 | _cBK | ||
| 999 |
_c145780 _d145780 |
||